000 01121nam a2200325 4500
001 10610
003 BD-RjUL
005 20211208235002.0
008 140125r19711975 enkab b 001 0 eng
020 _a0416688201
035 _a(BD-RjUL)10658
040 _aDLC
_cDLC
_dDLC
_dBD-RjUL
_beng
041 _aeng
082 0 0 _a551.48
_219
_bINT 1975
245 1 0 _aIntroduction to fluvial processes /
_cedited by Richard J. Chorley; Contributors: M. A. Carson [and others.
260 _aLondon :
_bMethuen,
_cc1971 [Reprinted 1975].
300 _axii, 218 p. :
_billus., maps. ;
_c23 cm.
350 _a£1.10
490 0 _aUniversity paperbacks UP 407
500 _aDistributed in the U.S.A. by Barnes and Noble, New York.
504 _a"This paperback originally formed part of a larger, composite volume entitled Water, earth and man."
504 _aIncludes bibliographies.
650 0 _aHydrology.
_931936
650 0 _aGeomorphology.
_932663
650 0 _aErosion.
_932707
700 1 _aCarson, Michael A.
_932807
700 1 _aChorley, Richard J.
_932808
942 _2ddc
_cBK
999 _c10610
_d10610